[Event "Mercredi 2010.11.17 ABCD"]
[Site "Montreal CAN"]
[Date "2010.12.15"]
[Round "5"]
[White "Tremblay, Alain"]
[Black "Chiku-Ratte, Olivier-Kenta"]
[Result "1/2-1/2"]
[WhiteElo "2044"]
[BlackElo "2094"]
[PlyCount "122"]
[EventDate "2010.11.17"]
[EventType "swiss"]
[EventRounds "5"]
[EventCountry "CAN"]

1. d4 Nf6 2. Nf3 c5 3. d5 e6 4. c4 exd5 5. cxd5 d6 6. Nc3 g6 7. e4 Bg7 8. h3 a6
9. a4 Nbd7 10. Bd3 Nh5 11. O-O Ne5 12. Be2 Nxf3+ 13. Bxf3 Qh4 14. Bg4 Bxg4 15.
Qxg4 Qxg4 16. hxg4 Nf6 17. Bf4 Kd7 18. f3 Rhe8 19. a5 Kc7 20. Na4 Nd7 21. Rac1
Bd4+ 22. Kh1 Be5 23. Be3 Rac8 24. b4 b5 25. axb6+ Nxb6 26. Nxb6 Kxb6 27. bxc5+
dxc5 28. Rxc5 Rxc5 29. Rb1+ Kc7 30. Bxc5 Ra8 31. Bb6+ Kd7 32. Be3 a5 33. f4 Bc3
34. Rb7+ Ke8 35. d6 Bb4 36. e5 h5 37. gxh5 gxh5 38. f5 Kf8 39. Bg5 Bc5 40. Rb5
Ba3 41. d7 Be7 42. Bxe7+ Kxe7 43. Rd5 Rd8 44. Rxa5 Rxd7 45. Kh2 Rd3 46. Ra7+
Kf8 47. Ra5 Ke7 48. g3 Rf3 49. Ra7+ Kf8 50. f6 Kg8 51. Kh3 Re3 52. Ra8+ Kh7 53.
Re8 Kg6 54. Re7 Re4 55. Kg2 Kf5 56. Rxf7 Rxe5 57. Kh3 Kg6 58. Rf8 Rf5 59. Kh4
Rf1 60. Rg8+ Kf7 61. Rh8 Kg6 1/2-1/2

[Event "Quebec-ch Elite POM"]
[Site "Montreal CAN"]
[Date "2010.10.08"]
[Round "1"]
[White "Sambuev, Bator"]
[Black "Chiku-Ratte, Olivier-Kenta"]
[Result "1-0"]
[WhiteElo "2573"]
[BlackElo "2031"]
[PlyCount "51"]
[EventDate "2010.10.08"]
[EventType "swiss"]
[EventRounds "7"]
[EventCountry "CAN"]

1. d4 Nf6 2. c4 c5 3. d5 e6 4. Nc3 exd5 5. cxd5 d6 6. e4 g6 7. Nf3 Bg7 8. Bb5+
Nfd7 9. a4 O-O 10. Bf4 Re8 11. O-O a6 12. Bd3 Qc7 13. Rc1 Ne5 14. Nxe5 Bxe5 15.
Bxe5 dxe5 16. b4 c4 17. Be2 Bd7 18. d6 Qc6 19. b5 Qc5 20. Qd5 Rc8 21. Bxc4 Qxc4
22. Qxb7 axb5 23. Qxa8 b4 24. Na2 Qa6 25. Rxc8+ Qxc8 26. Nxb4 1-0

[Event "Quebec-ch Elite POM"]
[Site "Montreal CAN"]
[Date "2010.10.09"]
[Round "2"]
[White "Chiku-Ratte, Olivier-Kenta"]
[Black "Le Duin, Thierry"]
[Result "1-0"]
[WhiteElo "2031"]
[BlackElo "1902"]
[PlyCount "113"]
[EventDate "2010.10.08"]
[EventType "swiss"]
[EventRounds "7"]
[EventCountry "CAN"]

1. d4 Nf6 2. c4 c5 3. d5 b5 4. cxb5 a6 5. b6 Qxb6 6. Nc3 d6 7. a4 g6 8. a5 Qc7
9. e4 Bg7 10. f4 O-O 11. Bc4 Bg4 12. Nf3 Bxf3 13. Qxf3 Nbd7 14. O-O Rab8 15. h3
Rb4 16. Qd3 Rfb8 17. Ra2 h5 18. b3 Nf8 19. Na4 N6d7 20. Bd2 R4b7 21. Re1 Kh7
22. Bc3 Bxc3 23. Nxc3 Rb4 24. Rae2 f6 25. g4 hxg4 26. hxg4 Kg7 27. Rh2 Qxa5 28.
Ra2 Qc7 29. Rxa6 R8b6 30. Nb5 Qc8 31. Ra5 Nb8 32. Qe2 Nfd7 33. Rea1 Rb7 34. Ra7
Rxa7 35. Rxa7 Qd8 36. Nc7 Qh8 37. Ne6+ Kf7 38. Kg2 Nb6 39. Ra1 Nxc4 40. Rh1 Qg8
41. bxc4 Nd7 42. Rh6 Qb8 43. Rh7+ Kg8 44. Rg7+ Kh8 45. Rxe7 Rb2 46. Re8+ Kh7
47. Rxb8 Rxe2+ 48. Kf3 Nxb8 49. Kxe2 Kg8 50. e5 fxe5 51. fxe5 dxe5 52. Nxc5 Kf7
53. Ke3 Ke7 54. Ke4 Kd6 55. Nd3 Nd7 56. c5+ Ke7 57. g5 1-0

[Event "Quebec-ch Elite POM"]
[Site "Montreal CAN"]
[Date "2010.10.09"]
[Round "3"]
[White "Rousseau, Daniel"]
[Black "Chiku-Ratte, Olivier-Kenta"]
[Result "0-1"]
[WhiteElo "2150"]
[BlackElo "2031"]
[PlyCount "118"]
[EventDate "2010.10.08"]
[EventType "swiss"]
[EventRounds "7"]
[EventCountry "CAN"]

1. e4 c5 2. Nf3 d6 3. d4 cxd4 4. Nxd4 Nf6 5. Nc3 g6 6. Be2 Bg7 7. O-O O-O 8.
Bg5 Nc6 9. Nb3 Be6 10. Kh1 Rc8 11. f4 a6 12. Bf3 Bc4 13. Re1 Qc7 14. Nd5 Bxd5
15. exd5 Nb8 16. Re2 Rfe8 17. Qd2 Nbd7 18. Rae1 Nb6 19. Na5 Na4 20. c4 Nxb2 21.
Qxb2 Qxa5 22. Qxb7 Rc7 23. Qb3 Qc5 24. h3 Kf8 25. Rc2 Nd7 26. Bh4 Qd4 27. Qe3
Qxe3 28. Rxe3 Nb6 29. Ra3 Rec8 30. Rxa6 Bd4 31. Bf2 Bxf2 32. Rxf2 Nxc4 33. Rc2
Ne3 34. Rcc6 Rxc6 35. dxc6 e6 36. Be2 Nd5 37. a3 Nxf4 38. Bb5 Nd5 39. Ra7 Rc7
40. Rb7 Rc8 41. a4 Nc7 42. Kg1 d5 43. Kf2 Kg7 44. Ke3 e5 45. Kd3 Kf6 46. Kc3
Ke6 47. Kb4 Kd6 48. a5 Ra8 49. Rb6 d4 50. Bc4 f5 51. a6 e4 52. Ka5 Kc5 53. Be2
d3 54. Bf1 Rxa6+ 55. Rxa6 Nxa6 56. Kxa6 Kxc6 57. Ka5 Kc5 58. Ka4 Kc4 59. Ka3 e3
0-1

[Event "Quebec-ch Elite POM"]
[Site "Montreal CAN"]
[Date "2010.10.10"]
[Round "4"]
[White "Chiku-Ratte, Olivier-Kenta"]
[Black "Chabot, Roland"]
[Result "0-1"]
[WhiteElo "2031"]
[BlackElo "2147"]
[PlyCount "150"]
[EventDate "2010.10.08"]
[EventType "swiss"]
[EventRounds "7"]
[EventCountry "CAN"]

1. d4 Nf6 2. c4 d6 3. Nc3 Nbd7 4. e4 e5 5. d5 Be7 6. Be3 O-O 7. g3 Nc5 8. Bxc5
dxc5 9. Bg2 Nd7 10. Nge2 Nb6 11. Qd3 Bd7 12. O-O Bd6 13. Rae1 a6 14. f4 f6 15.
b3 Nc8 16. a4 Na7 17. Qe3 Qe7 18. f5 b5 19. axb5 axb5 20. Qd3 Rfb8 21. Ra1 b4
22. Nd1 Nc8 23. Ne3 Nb6 24. Qc2 Qd8 25. Qb2 Bf8 26. Rxa8 Rxa8 27. Ra1 Qb8 28.
Nc2 Nc8 29. Rxa8 Qxa8 30. Qa1 Qxa1+ 31. Nxa1 Nd6 32. Kf2 g6 33. g4 Bh6 34. Nc2
Nb7 35. Ke1 Na5 36. Na1 Be3 37. Bf1 Kg7 38. Kd1 h5 39. h3 Kh6 40. Kc2 hxg4 41.
hxg4 Be8 42. Kd3 Bf2 43. Bg2 Kg5 44. Bf3 Bf7 45. Kd2 Be8 46. Kd3 Bd7 47. Kd2
Bc8 48. Kd3 Nb7 49. Nc2 Bd7 50. Na1 Nd6 51. Nc2 Be8 52. Ne3 Nb7 53. Nc2 Na5 54.
Na1 c6 55. dxc6 Bxc6 56. Kd2 Nb7 57. Kd3 gxf5 58. gxf5 Nd6 59. Nc2 Nxf5 60. Bg2
Nd6 61. Ne3 Bxe3 62. Kxe3 f5 63. Nc1 f4+ 64. Kf2 Bxe4 65. Bh3 Bf5 66. Bg2 e4
67. Bf1 Bg4 68. Be2 Bxe2 69. Nxe2 Nf5 70. Ng1 Nd4 71. Nh3+ Kg4 72. Ng1 Nxb3 73.
Ne2 Nd2 74. Nc1 b3 75. Ne2 b2 0-1

[Event "Quebec-ch Elite POM"]
[Site "Montreal CAN"]
[Date "2010.10.10"]
[Round "5"]
[White "Villeneuve, Robert"]
[Black "Chiku-Ratte, Olivier-Kenta"]
[Result "0-1"]
[WhiteElo "1879"]
[BlackElo "2031"]
[PlyCount "66"]
[EventDate "2010.10.08"]
[EventType "swiss"]
[EventRounds "7"]
[EventCountry "CAN"]

1. e4 c5 2. Nf3 d6 3. d4 cxd4 4. Nxd4 Nf6 5. Nc3 g6 6. Be3 Bg7 7. f3 Nc6 8. Qd2
O-O 9. O-O-O d5 10. exd5 Nxd5 11. Nxc6 bxc6 12. Bd4 Nxc3 13. Qxc3 Bh6+ 14. Be3
Bxe3+ 15. Qxe3 Qb6 16. Qxe7 Be6 17. Qa3 Rad8 18. Bd3 Rd5 19. b3 Rfd8 20. Rhe1
Bf5 21. g4 Bxd3 22. Rxd3 Rxd3 23. cxd3 Qf2 24. Qe7 Qd4 25. Re3 Qc3+ 26. Kd1
Rxd3+ 27. Rxd3 Qxd3+ 28. Kc1 Qxf3 29. g5 Qh1+ 30. Kc2 Qxh2+ 31. Kc3 Qf4 32.
Qxa7 Qxg5 33. Qa8+ Kg7 0-1

[Event "Quebec-ch Elite POM"]
[Site "Montreal CAN"]
[Date "2010.10.11"]
[Round "6"]
[White "Chiku-Ratte, Olivier-Kenta"]
[Black "Bolduc, Steve"]
[Result "0-1"]
[WhiteElo "2031"]
[BlackElo "2281"]
[PlyCount "80"]
[EventDate "2010.10.08"]
[EventType "swiss"]
[EventRounds "7"]
[EventCountry "CAN"]

1. d4 Nf6 2. c4 e6 3. Nc3 Bb4 4. e3 b6 5. Nge2 Ba6 6. Nf4 O-O 7. Bd3 c5 8. d5
e5 9. Nh3 e4 10. Be2 Bxc3+ 11. bxc3 d6 12. O-O Nbd7 13. Qa4 Qc8 14. Rd1 Ne5 15.
Kh1 h6 16. Ng1 Nfg4 17. Rf1 f5 18. f4 Nd3 19. Bxd3 exd3 20. h3 Nf6 21. Kh2 Re8
22. Nf3 Re4 23. Nd2 Rxe3 24. Bb2 Re2 25. Rad1 Ne4 26. Nxe4 fxe4 27. Bc1 Bb7 28.
Rfe1 Rxe1 29. Rxe1 Qe8 30. Qb3 Bc8 31. g4 Rb8 32. Kg3 Rb7 33. f5 Re7 34. Be3 g6
35. f6 Rf7 36. Rf1 Qe5+ 37. Bf4 Qxf6 38. Qa4 Bd7 39. Qxa7 g5 40. Qb8+ Rf8 0-1

[Event "Quebec-ch Elite POM"]
[Site "Montreal CAN"]
[Date "2010.10.11"]
[Round "7"]
[White "Libersan, Thierry"]
[Black "Chiku-Ratte, Olivier-Kenta"]
[Result "1-0"]
[WhiteElo "2101"]
[BlackElo "2031"]
[PlyCount "143"]
[EventDate "2010.10.08"]
[EventType "swiss"]
[EventRounds "7"]
[EventCountry "CAN"]

1. e4 c5 2. Nf3 d6 3. d4 cxd4 4. Qxd4 a6 5. Be3 Nc6 6. Qd2 Nf6 7. Nc3 g6 8. h3
Bg7 9. Bh6 O-O 10. Bxg7 Kxg7 11. Bd3 b5 12. O-O Nd7 13. Nd5 Nde5 14. Nxe5 dxe5
15. a4 Rb8 16. axb5 axb5 17. Rfd1 e6 18. Nb4 Nd4 19. Qe3 Qc7 20. c3 Nb3 21. Ra7
Qc5 22. Qxc5 Nxc5 23. Nc6 Rb6 24. Nxe5 Rd6 25. Rc7 Nxe4 26. Ra1 Rd5 27. Bxe4
Rxe5 28. Bf3 b4 29. Ra8 Re1+ 30. Kh2 Rb1 31. Rcxc8 Rxc8 32. Rxc8 Rxb2 33. c4
Rc2 34. c5 b3 35. c6 b2 36. Rb8 f5 37. c7 Rxc7 38. Rxb2 Kf6 39. Rb6 Rd7 40. Kg3
g5 41. Rb7 Rxb7 42. Bxb7 e5 43. Kf3 e4+ 44. Bxe4 fxe4+ 45. Kxe4 Ke6 46. g4 h6
47. f3 Kf6 48. Kd5 Kf7 49. Ke5 Ke7 50. Kf5 Kf7 51. Ke5 Ke7 52. f4 gxf4 53. Kxf4
Kf6 54. h4 Ke6 55. Ke4 Kf6 56. Kd5 Ke7 57. Ke5 Kf7 58. Kf5 Kg7 59. Ke6 Kg6 60.
Ke5 Kf7 61. Kf4 Kf6 62. Kf3 Ke6 63. Ke4 Kf6 64. Kd5 Ke7 65. Ke5 Kf7 66. Kf5 Kg7
67. Ke6 Kg6 68. h5+ Kg7 69. Ke7 Kh8 70. Kf6 Kh7 71. Kf7 Kh8 72. Kg6 1-0

[Event "Mercredi 2010.10.06 ABCD"]
[Site "Montreal CAN"]
[Date "2010.10.06"]
[Round "1"]
[White "Arsenault, Nicolas"]
[Black "Chiku-Ratte, Olivier-Kenta"]
[Result "0-1"]
[WhiteElo "2225"]
[BlackElo "2031"]
[PlyCount "70"]
[EventDate "2010.10.06"]
[EventType "tourn"]
[EventRounds "5"]
[EventCountry "CAN"]

1. e4 c5 2. Nf3 d6 3. d4 cxd4 4. Nxd4 Nf6 5. Nc3 g6 6. Bc4 Bg7 7. O-O O-O 8.
Bb3 Nc6 9. Re1 Bd7 10. Bg5 h6 11. Bh4 Rc8 12. Nxc6 Bxc6 13. Nd5 Bxd5 14. exd5
g5 15. Bg3 Nd7 16. c3 Ne5 17. h4 Qd7 18. hxg5 hxg5 19. Qh5 Qf5 20. Re2 Qg6 21.
Qh3 f5 22. Bc2 g4 23. Qh2 Kf7 24. Bxe5 Bxe5 25. Rxe5 dxe5 26. Qxe5 Kg8 27. Qxe7
Rce8 28. Qxb7 g3 29. Bb3 Kh8 30. Qxa7 f4 31. Qd4+ Rf6 32. fxg3 fxg3 33. Rf1
Ref8 34. d6 Qh6 35. Rxf6 Rxf6 0-1

[Event "Mercredi 2010.10.06 ABCD"]
[Site "Montreal CAN"]
[Date "2010.10.13"]
[Round "2"]
[White "Chiku-Ratte, Olivier-Kenta"]
[Black "Tremblay, Alain"]
[Result "1-0"]
[WhiteElo "2031"]
[BlackElo "2122"]
[PlyCount "121"]
[EventDate "2010.10.06"]
[EventType "tourn"]
[EventRounds "5"]
[EventCountry "CAN"]

1. d4 Nf6 2. c4 e6 3. Nc3 Bb4 4. e3 b6 5. Nge2 Bb7 6. a3 Bxc3+ 7. Nxc3 d6 8. d5
Nbd7 9. Be2 O-O 10. O-O a5 11. e4 Nc5 12. Bd3 Nxd3 13. Qxd3 Nd7 14. b3 Nc5 15.
Qc2 e5 16. Be3 Bc8 17. b4 Nb7 18. f3 f5 19. exf5 Bxf5 20. Ne4 Qe7 21. Rfc1 Qh4
22. Qf2 Qxf2+ 23. Nxf2 Rfd8 24. Ne4 h6 25. Kf2 Rd7 26. Rd1 Rdd8 27. Ke2 Ra7 28.
Nc3 Bd7 29. c5 dxc5 30. bxc5 Nxc5 31. Bxc5 bxc5 32. Rab1 Be8 33. Ke3 Kf8 34.
Rb2 c6 35. d6 Rad7 36. Rbd2 Bf7 37. Ne4 c4 38. Nc5 Ra7 39. d7 Bd5 40. Rxd5 cxd5
41. Rxd5 Ke7 42. Rxe5+ Kd6 43. Kd4 c3 44. Re6+ Kc7 45. Kxc3 Rxd7 46. Nxd7 Kxd7
47. Rg6 Ke8 48. h4 Kf7 49. h5 Rb7 50. Ra6 Rb5 51. g4 Re5 52. Kc4 Ke7 53. a4 Re3
54. Rxa5 Rxf3 55. Rd5 Ke6 56. Rd4 Ke5 57. Kc5 Ra3 58. Rb4 Kf6 59. Kb5 Ke5 60.
a5 Kd6 61. Kb6 1-0

[Event "Mercredi 2010.10.06 ABCD"]
[Site "Montreal CAN"]
[Date "2010.10.20"]
[Round "3"]
[White "Ramaswamy, Kishor"]
[Black "Chiku-Ratte, Olivier-Kenta"]
[Result "1-0"]
[WhiteElo "2176"]
[BlackElo "2031"]
[PlyCount "75"]
[EventDate "2010.10.06"]
[EventType "tourn"]
[EventRounds "5"]
[EventCountry "CAN"]

1. d4 Nf6 2. Nf3 c5 3. c3 b6 4. Bg5 Ne4 5. Bh4 g6 6. Nbd2 Nxd2 7. Qxd2 Bb7 8.
d5 d6 9. e4 Bg7 10. Bc4 O-O 11. O-O Na6 12. a4 Nc7 13. Bg5 Re8 14. Bh6 Bh8 15.
Qf4 Qd7 16. Rfd1 f6 17. h4 Bg7 18. b4 Bxh6 19. Qxh6 Qg4 20. Qe3 Kg7 21. Be2 Qd7
22. a5 Ba6 23. Bxa6 Nxa6 24. Qd3 b5 25. Rab1 Rab8 26. Rd2 Rec8 27. Rc2 cxb4 28.
cxb4 Rxc2 29. Qxc2 Rc8 30. Qd2 Rc4 31. Nd4 Nc7 32. Rc1 Rxc1+ 33. Qxc1 a6 34.
Qxc7 Qg4 35. Qxe7+ Kh6 36. Qxf6 Qxe4 37. Qf8+ Kh5 38. Qf3+ 1-0

[Event "Mercredi 2010.10.06 ABCD"]
[Site "Montreal CAN"]
[Date "2010.10.27"]
[Round "4"]
[White "Chiku-Ratte, Olivier-Kenta"]
[Black "Giroux, Robert"]
[Result "1-0"]
[WhiteElo "2031"]
[BlackElo "2070"]
[PlyCount "175"]
[EventDate "2010.10.06"]
[EventType "tourn"]
[EventRounds "5"]
[EventCountry "CAN"]

1. d4 Nf6 2. c4 e6 3. Nc3 Bb4 4. e3 Ne4 5. Nge2 f5 6. a3 Bxc3+ 7. Nxc3 Nxc3 8.
bxc3 O-O 9. Bd3 d6 10. O-O Nc6 11. f3 e5 12. d5 Ne7 13. f4 e4 14. Be2 Kh8 15.
Qd4 b6 16. Rd1 Qe8 17. Bd2 Bd7 18. Be1 Ng8 19. Bh4 Nf6 20. Qd2 Ba4 21. Rdb1 Nd7
22. Qe1 Nc5 23. h3 Bc2 24. Rb2 Bd3 25. Qd1 Qa4 26. Bxd3 Qxd1+ 27. Rxd1 Nxd3 28.
Rb3 Nc5 29. Rb2 Na4 30. Rb3 Nc5 31. Rb2 a5 32. Kf1 Rae8 33. Ke2 Na4 34. Rb3 Rb8
35. Rdb1 Nc5 36. Rb5 Rbe8 37. Rd1 Rf7 38. Rd2 Na4 39. Rb3 Rb8 40. Rd1 h6 41. g4
g6 42. g5 h5 43. Kd2 Rff8 44. Kc2 Kg7 45. Rdb1 Kf7 46. Bg3 Nc5 47. Rb5 Ke7 48.
h4 Ra8 49. Rd1 Rfc8 50. Bh2 a4 51. Rb4 Ra5 52. Rd4 Rca8 53. Bg3 R8a6 54. Bh2
Nb3 55. Rd1 Rc5 56. Bg3 Na5 57. Rd4 Nb7 58. Bf2 Nd8 59. Kd2 Kd7 60. Rb5 Nb7 61.
Rb4 Rca5 62. Kc2 c5 63. dxc6+ Kxc6 64. Rb1 Rc5 65. Rb4 Na5 66. Rxa4 d5 67.
cxd5+ Rxd5 68. Rxd5 Kxd5 69. c4+ Kc5 70. Be1 Ra7 71. Bb4+ Kc6 72. c5 Rc7 73.
Bxa5 bxa5 74. Rxa5 Rd7 75. Ra6+ Kxc5 76. Rxg6 Rd3 77. Rf6 Rxe3 78. Rxf5+ Kd4
79. g6 Rc3+ 80. Kd1 Rh3 81. g7 Rh1+ 82. Ke2 Rh2+ 83. Kf1 e3 84. g8=Q e2+ 85.
Ke1 Rh1+ 86. Kxe2 Rh2+ 87. Kf3 Rh3+ 88. Kg2 1-0

[Event "Mercredi 2010.10.06 ABCD"]
[Site "Montreal CAN"]
[Date "2010.11.03"]
[Round "5"]
[White "Levkovsky, Alexandre"]
[Black "Chiku-Ratte, Olivier-Kenta"]
[Result "1-0"]
[WhiteElo "2142"]
[BlackElo "2031"]
[PlyCount "99"]
[EventDate "2010.10.06"]
[EventType "tourn"]
[EventRounds "5"]
[EventCountry "CAN"]

1. e4 c5 2. Nf3 d6 3. d4 cxd4 4. Nxd4 Nf6 5. Nc3 g6 6. Be2 Bg7 7. O-O Nc6 8.
Bg5 O-O 9. Nb3 Be6 10. Kh1 Rc8 11. f4 Na5 12. e5 Nxb3 13. axb3 dxe5 14. Qxd8
Rfxd8 15. fxe5 Nd7 16. Bxe7 Re8 17. Bd6 Nxe5 18. Rxa7 Red8 19. Bxe5 Bxe5 20.
Bd3 Bxc3 21. bxc3 Rxc3 22. Rxb7 f5 23. Kg1 Bd5 24. Rb4 Bf7 25. Kf2 Kg7 26. Ke3
Bxb3 27. Rxb3 Rdxd3+ 28. cxd3 Rxb3 29. Rf2 Kf6 30. Kd4 Ke6 31. Ra2 Rb6 32. Kc5
Rb3 33. Re2+ Kd7 34. d4 Rc3+ 35. Kd5 Ra3 36. Ke5 Ra5+ 37. Kf6 Ra6+ 38. Kg7 h5
39. Kh6 Rd6 40. g3 Kc6 41. d5+ Kd7 42. Kg5 Rxd5 43. Kxg6 h4 44. gxh4 Rd4 45. h5
f4 46. h6 f3 47. Rf2 Rg4+ 48. Kh5 Rg2 49. h7 Rxf2 50. h4 1-0

[Event "Montreal op"]
[Site "Montreal CAN"]
[Date "2010.09.10"]
[Round "1"]
[White "Larochelle, Martial"]
[Black "Chiku-Ratte, Olivier-Kenta"]
[Result "1-0"]
[WhiteElo "2218"]
[BlackElo "1988"]
[PlyCount "103"]
[EventDate "2010.09.10"]
[EventType "swiss"]
[EventRounds "5"]
[EventCountry "CAN"]

1. Nf3 Nf6 2. d4 c5 3. d5 e6 4. Nc3 exd5 5. Nxd5 Nxd5 6. Qxd5 Nc6 7. Ng5 Qf6 8.
c3 h6 9. h4 d6 10. e4 Be6 11. Nxe6 Qxe6 12. Bc4 Qxd5 13. Bxd5 Be7 14. Bf4 O-O
15. O-O-O Rfd8 16. Rd3 Rd7 17. g3 Rad8 18. Rhd1 Kf8 19. Kc2 g5 20. hxg5 hxg5
21. Bc1 Ne5 22. Re3 g4 23. Ree1 Bf6 24. Rh1 Ke7 25. Rh7 Rf8 26. Rdh1 b5 27.
R1h5 Rc7 28. Bh6 Rg8 29. Rxe5+ Bxe5 30. Rxf7+ Kd8 31. Rxc7 Rh8 32. Bg7 Kxc7 33.
Bxh8 Bxh8 34. Be6 a5 35. Bxg4 c4 36. Be6 a4 37. f4 Bf6 38. g4 Bh4 39. g5 Kd8
40. Bd5 Kd7 41. g6 Bf6 42. b3 axb3+ 43. axb3 cxb3+ 44. Kxb3 Kc7 45. Kb4 Kb6 46.
Bf7 Bg7 47. f5 Be5 48. Be8 d5 49. exd5 Bd6+ 50. Kb3 Be5 51. d6 Bf6 52. Bxb5 1-0

[Event "Montreal op"]
[Site "Montreal CAN"]
[Date "2010.09.12"]
[Round "5"]
[White "Chabot, Roland"]
[Black "Chiku-Ratte, Olivier-Kenta"]
[Result "0-1"]
[WhiteElo "2203"]
[BlackElo "1988"]
[PlyCount "116"]
[EventDate "2010.09.10"]
[EventType "swiss"]
[EventRounds "5"]
[EventCountry "CAN"]

1. d4 Nf6 2. c4 c5 3. d5 e6 4. Nc3 exd5 5. cxd5 d6 6. e4 g6 7. h3 Bg7 8. Nf3 a6
9. a4 Nbd7 10. Bd3 Nh5 11. O-O Ne5 12. Be2 Nxf3+ 13. Bxf3 Qh4 14. Bg4 Be5 15.
Bxc8 Rxc8 16. Qg4 Qxg4 17. hxg4 Nf6 18. f3 b6 19. Ne2 O-O 20. f4 Bd4+ 21. Nxd4
cxd4 22. Rd1 Nxe4 23. Rxd4 Rfe8 24. Rd3 Rc2 25. Be3 Nc5 26. Bxc5 bxc5 27. b3
Ree2 28. Rg3 Rcd2 29. f5 Rxd5 30. Rf1 g5 31. Rff3 Rdd2 32. Re3 Rxe3 33. Rxe3
Kg7 34. Re7 Rd4 35. Ra7 Rxg4 36. Rxa6 Rb4 37. Rxd6 Rxb3 38. Rc6 Ra3 39. Rxc5
Rxa4 40. g3 g4 41. Kf2 Ra3 42. Kg2 Rf3 43. Rc4 h5 44. Rc5 Kf6 45. Rc6+ Kg5 46.
Rc7 Rxf5 47. Rc8 f6 48. Rg8+ Kh6 49. Rh8+ Kg7 50. Ra8 Rc5 51. Ra7+ Kg6 52. Ra8
Rc7 53. Rg8+ Rg7 54. Ra8 Kg5 55. Ra6 Rg6 56. Ra5+ f5 57. Ra8 h4 58. gxh4+ Kxh4
0-1

[Event "Mercredi 2010.09.01 ABCD"]
[Site "Montreal CAN"]
[Date "2010.09.01"]
[Round "1"]
[White "Chiku-Ratte, Olivier-Kenta"]
[Black "Pregent, Daniel"]
[Result "1-0"]
[WhiteElo "1988"]
[BlackElo "1878"]
[PlyCount "95"]
[EventDate "2010.09.01"]
[EventType "tourn"]
[EventRounds "5"]
[EventCountry "CAN"]

1. d4 Nf6 2. c4 e6 3. Nc3 Bb4 4. e3 c5 5. Nge2 cxd4 6. exd4 d5 7. a3 Be7 8. c5
O-O 9. Nf4 Re8 10. Bd3 e5 11. dxe5 Bxc5 12. Be2 Bxf2+ 13. Kxf2 Rxe5 14. Bf3
Qb6+ 15. Kf1 Be6 16. Nxe6 fxe6 17. g3 Nc6 18. Kg2 Rf8 19. Rf1 Rf5 20. Na4 Qd4
21. Bd2 Ne4 22. Bc3 Qe3 23. Bb4 Nxb4 24. axb4 Qd2+ 25. Qxd2 Nxd2 26. Be2 Nxf1
27. Rxf1 Rxf1 28. Bxf1 b6 29. Bd3 e5 30. Nc3 d4 31. Bc4+ Kh8 32. Ne4 Rc8 33. b3
h6 34. Nd6 Rc6 35. Nf7+ Kh7 36. Nxe5 Rc7 37. b5 g5 38. Nc6 a6 39. bxa6 Rxc6 40.
a7 Rc8 41. Bd5 Rc2+ 42. Kf3 Ra2 43. a8=Q Rxa8 44. Bxa8 Kg6 45. g4 Kf6 46. Ke4
d3 47. Kxd3 Ke5 48. Ke3 1-0

[Event "Mercredi 2010.09.01 ABCD"]
[Site "Montreal CAN"]
[Date "2010.09.08"]
[Round "2"]
[White "Dydak, Mateusz"]
[Black "Chiku-Ratte, Olivier-Kenta"]
[Result "1/2-1/2"]
[WhiteElo "1993"]
[BlackElo "1988"]
[PlyCount "69"]
[EventDate "2010.09.01"]
[EventType "tourn"]
[EventRounds "5"]
[EventCountry "CAN"]

1. e4 c5 2. Nc3 Nc6 3. f4 g6 4. Nf3 Bg7 5. Bb5 Nd4 6. Nxd4 cxd4 7. Ne2 Qb6 8.
Bd3 d6 9. O-O Nf6 10. Kh1 O-O 11. b3 Nd7 12. Ng3 Nc5 13. Qf3 Nxd3 14. Qxd3 Bd7
15. a4 Qc5 16. Ba3 Qc6 17. Rac1 b5 18. axb5 Qxb5 19. Qxb5 Bxb5 20. Rf3 a5 21.
c4 dxc3 22. dxc3 Rfc8 23. e5 dxe5 24. fxe5 Bxe5 25. Bxe7 Rc7 26. Bf6 Bxf6 27.
Rxf6 a4 28. bxa4 Rxa4 29. Kg1 Kg7 30. Rf2 Rac4 31. Rf3 Bc6 32. Re3 f5 33. Ne2
Be4 34. Ng3 Bc6 35. Ne2 1/2-1/2

[Event "Mercredi 2010.09.01 ABCD"]
[Site "Montreal CAN"]
[Date "2010.09.15"]
[Round "3"]
[White "Chiku-Ratte, Olivier-Kenta"]
[Black "Morin, Louis"]
[Result "1-0"]
[WhiteElo "1988"]
[BlackElo "1857"]
[PlyCount "75"]
[EventDate "2010.09.01"]
[EventType "tourn"]
[EventRounds "5"]
[EventCountry "CAN"]

1. d4 d5 2. c4 e6 3. Nc3 c5 4. cxd5 exd5 5. Nf3 Nc6 6. g3 Nf6 7. Bg2 Be7 8. O-O
O-O 9. h3 Be6 10. Be3 c4 11. Ne5 Qa5 12. a3 Rfd8 13. Nxc6 bxc6 14. Qd2 Rab8 15.
g4 Rb3 16. Rfb1 Kf8 17. f3 Rdb8 18. Bf2 Bd6 19. e4 dxe4 20. fxe4 Bc7 21. g5 Nh5
22. Be3 g6 23. Bf3 Ng7 24. Bd1 R3b7 25. Ba4 c5 26. d5 Be5 27. dxe6 Bxc3 28.
Qd6+ Kg8 29. exf7+ Kxf7 30. Rf1+ Nf5 31. exf5 Bxb2 32. Qe6+ Kg7 33. f6+ Kh8 34.
f7 Kg7 35. Be8 Kf8 36. Qd6+ Re7 37. Qxe7+ Kxe7 38. f8=Q+ 1-0

[Event "Mercredi 2010.09.01 ABCD"]
[Site "Montreal CAN"]
[Date "2010.09.22"]
[Round "4"]
[White "Chiku-Ratte, Olivier-Kenta"]
[Black "Sasseville, Jean"]
[Result "1/2-1/2"]
[WhiteElo "1988"]
[BlackElo "1976"]
[PlyCount "102"]
[EventDate "2010.09.01"]
[EventType "tourn"]
[EventRounds "5"]
[EventCountry "CAN"]

1. d4 f5 2. Nc3 Nf6 3. Bg5 d5 4. Bxf6 exf6 5. e3 Be6 6. Bd3 Qd7 7. Qf3 Nc6 8.
a3 g6 9. Nge2 O-O-O 10. O-O-O Bf7 11. h3 Ne7 12. Rdg1 Bg7 13. Bb5 c6 14. Bd3 h5
15. Na4 Kb8 16. Nc5 Qd6 17. b4 Rhe8 18. Kb2 Bf8 19. Ka2 Nc8 20. Rb1 Ka8 21. Nc3
Nb6 22. a4 Nc4 23. Bxc4 dxc4 24. Nb5 Qe7 25. Nc3 Bd5 26. Nxd5 cxd5 27. a5 b6
28. Na4 Kb7 29. Rb2 Qd7 30. Nc3 Kc6 31. b5+ Kb7 32. a6+ Kc7 33. Qg3+ Qd6 34.
Nxd5+ Kc8 35. Qxd6 Rxd6 36. Nf4 Bh6 37. c3 Bxf4 38. exf4 Rde6 39. Rc1 Re2 40.
Rcc2 Rxc2 41. Rxc2 Kd7 42. h4 Kd6 43. g3 Kd5 44. Kb2 Re1 45. Rd2 Kd6 46. Kc2
Ra1 47. Re2 Ra2+ 48. Kd1 Ra1+ 49. Kd2 Ra2+ 50. Ke3 Ra3 51. Kd2 Ra2+ 1/2-1/2

[Event "Mercredi 2010.09.01 ABCD"]
[Site "Montreal CAN"]
[Date "2010.09.29"]
[Round "5"]
[White "Gauthier, Denis"]
[Black "Chiku-Ratte, Olivier-Kenta"]
[Result "0-1"]
[WhiteElo "1941"]
[BlackElo "1988"]
[PlyCount "58"]
[EventDate "2010.09.01"]
[EventType "tourn"]
[EventRounds "5"]
[EventCountry "CAN"]

1. d4 Nf6 2. c4 c5 3. d5 e6 4. Nf3 exd5 5. cxd5 d6 6. e4 g6 7. Nc3 Bg7 8. h3 a6
9. a4 Nbd7 10. Bd3 Nh5 11. O-O Ne5 12. Be2 Nxf3+ 13. Bxf3 Qh4 14. Bxh5 gxh5 15.
Qf3 Be5 16. Ne2 Rg8 17. Bf4 Bxh3 18. Bg3 Bg4 19. Qb3 Qe7 20. Bxe5 dxe5 21. f3
Bh3 22. Rf2 O-O-O 23. Kh2 Bd7 24. Qe3 Kb8 25. f4 Rg4 26. f5 Qh4+ 27. Kg1 Rdg8
28. Nc3 Rg3 29. Qe1 Rh3 0-1

[Event "NAYCC U12"]
[Site "Montreal CAN"]
[Date "2010.08.16"]
[Round "1"]
[White "Chiku-Ratte, Olivier-Kenta"]
[Black "Li, George"]
[Result "1-0"]
[WhiteElo "1720"]
[BlackElo "1177"]
[PlyCount "127"]
[EventDate "2010.08.16"]
[EventType "swiss"]
[EventRounds "7"]
[EventCountry "CAN"]

1. d4 d5 2. c4 e6 3. Nc3 Nf6 4. cxd5 exd5 5. Bg5 Nbd7 6. e3 Bb4 7. Bd3 h6 8.
Bf4 a6 9. h3 Nb6 10. Nge2 Be6 11. O-O Bd6 12. Rb1 g5 13. Bxd6 Qxd6 14. Ng3
O-O-O 15. b4 Rdg8 16. a4 h5 17. a5 Nbd7 18. Nf5 Bxf5 19. Bxf5 g4 20. h4 Ne8 21.
g3 Qf6 22. Nxd5 Qd6 23. Nc3 Kd8 24. b5 Ng7 25. Bxd7 Kxd7 26. bxa6 Qxa6 27. Qa4+
c6 28. Ne4 Kd8 29. Nc5 Qa8 30. Nxb7+ Ke7 31. Qxc6 Ne6 32. Qd6+ Kf6 33. d5 Rb8
34. a6 Rhe8 35. dxe6 Rxe6 36. Qf4+ Ke7 37. Qg5+ Kf8 38. Qc5+ Kg7 39. Rb6 Rbe8
40. Rxe6 Rxe6 41. Ra1 Rxa6 42. Rxa6 Qxa6 43. Qd4+ Kf8 44. Qd6+ Qxd6 45. Nxd6
Ke7 46. Nf5+ Kf6 47. e4 Kg6 48. f4 gxf3 49. Kf2 Kf6 50. Kxf3 Kg6 51. g4 f6 52.
gxh5+ Kxh5 53. Kf4 Kg6 54. Kg4 Kh7 55. Kh5 Kg8 56. Kg6 Kf8 57. Kxf6 Kg8 58. e5
Kf8 59. e6 Kg8 60. e7 Kh7 61. h5 Kg8 62. e8=Q+ Kh7 63. Qg6+ Kh8 64. Qg7# 1-0